Loading...
| Fine Arts - Other | 0 | 3 | 0 | 0 | 30 | 103 | 117.67 | 0 | 0 | 0.00 | 0.00 |
| Fine Arts - Painting and Sculpture | 0 | 3 | 0 | 0 | 30 | 75 | 84.67 | 1 | 3 | 0.00 | 0.00 |
| Literature - American | 0 | 3 | 0 | 0 | 30 | 35 | 58.00 | 1 | 3 | 0.00 | 0.00 |
| Literature - British | 0 | 3 | 0 | 2 | 30 | 70 | 119.67 | 1 | 1 | 0.00 | 0.00 |
| Religion | 0 | 3 | 0 | 1 | 30 | 80 | 96.33 | 1 | 1 | 0.00 | 0.00 |
| Other Academic | 0 | 1 | 0 | 0 | 10 | 88 | 88.00 | 0 | 0 | 0.00 | 0.00 |
| Social Science | 0 | 1 | 0 | 0 | 10 | 87 | 87.00 | 0 | 0 | 0.00 | 0.00 |
| Popular Culture | 0 | 1 | 0 | 0 | 10 | 62 | 62.00 | 0 | 1 | 0.00 | 0.00 |
| History - World | 0 | 1 | 0 | 0 | 10 | 64 | 64.00 | 0 | 0 | 0.00 | 0.00 |
| Literature - European | 0 | 1 | 1 | 0 | 5 | 67 | 67.00 | 0 | 1 | 0.00 | 0.00 |
| History - American | 0 | 0 | 1 | 0 | -5 | 0.00 | 0 | 0 | 0.00 | 0.00 | |
| History - European | 0 | 0 | 1 | 0 | -5 | 0.00 | 0 | 0 | 0.00 | 0.00 |